书目信息 |
| 题名: |
扳机点疗法
|
|
| 作者: | 德洛纳 著 ;曹春梅 , 刘瑞东 , 刘建秀 译 | |
| 分册: | ||
| 出版信息: | 北京 人民邮电出版社 2021 |
|
| 页数: | 319页 | |
| 开本: | 24cm | |
| 丛书名: | ||
| 单 册: | ||
| 中图分类: | R441.1 | |
| 科图分类: | ||
| 主题词: | 疼痛--穴位疗法 | |
| 电子资源: | ||
| ISBN: | 978-7-115-54489-6 | |
| 000 | 01216nam0 2200277 450 | |
| 001 | 2167245606 | |
| 005 | 20211116184050.50 | |
| 010 | @a978-7-115-54489-6@dCNY168.00 | |
| 100 | @a20210506d2021 em y0chiy50 ea | |
| 101 | 1 | @achi@ceng |
| 102 | @aCN@b110000 | |
| 105 | @aa z 000yy | |
| 200 | 1 | @a扳机点疗法@9ban ji dian liao fa@b专著@e基于按压与拉伸训练的身体疼痛解决方案@f(英)瓦莱丽·德洛纳(Valerie Delaune)著@g曹春梅,刘瑞东,刘建秀译 |
| 210 | @a北京@c人民邮电出版社@d2021 | |
| 215 | @a319页@c图,照片@d24cm | |
| 300 | @a人邮体育 | |
| 330 | @a本书首先阐释了扳机点的概念、成因及其与慢性疼痛的关系,然后分析了各部位肌肉的常见扳机点的成因、位置和疼痛区域,并介绍了如何通过改变生活方式和动作习惯,以及针对已有的扳机点进行按压和拉伸训练以达到缓解疼痛和消除扳机点的目的。 | |
| 517 | 1 | @a基于按压与拉伸训练的身体疼痛解决方案@9ji yu an ya yu la shen xun lian de shen ti teng tong jie jue fang an |
| 606 | 0 | @a疼痛@x穴位疗法 |
| 690 | @aR441.1@v5 | |
| 701 | 0 | @c(英)@a德洛纳@9de luo na@c(女,Delaune, Valerie)@4著 |
| 702 | 0 | @a曹春梅@9cao chun mei@c(女)@4译 |
| 702 | 0 | @a刘瑞东@9liu rui dong@4译 |
| 702 | 0 | @a刘建秀@9liu jian xiu@c(女)@4译 |
| 801 | 0 | @aCN@b山东中教@c20211112 |
| 905 | @aZUCC@dR441.1@e17 | |
| 扳机点疗法:基于按压与拉伸训练的身体疼痛解决方案/(英)瓦莱丽·德洛纳(Valerie Delaune)著/曹春梅,刘瑞东,刘建秀译.-北京:人民邮电出版社,2021 |
| 319页:图,照片;24cm |
| 人邮体育 |
| ISBN 978-7-115-54489-6:CNY168.00 |
| 本书首先阐释了扳机点的概念、成因及其与慢性疼痛的关系,然后分析了各部位肌肉的常见扳机点的成因、位置和疼痛区域,并介绍了如何通过改变生活方式和动作习惯,以及针对已有的扳机点进行按压和拉伸训练以达到缓解疼痛和消除扳机点的目的。 |
| ● |
| 相关链接 |
|
|
|
正题名:扳机点疗法
索取号:R441.1/17
 
预约/预借
| 序号 | 登录号 | 条形码 | 馆藏地/架位号 | 状态 | 备注 |
| 1 | 2000889042 | 2000889042 | 第三书库/ [索取号:R441.1/17] | 在馆 | |
| 2 | 2000889043 | 2000889043 | 第三书库/ [索取号:R441.1/17] | 在馆 | |
| 3 | 2000889044 | 2000889044 | 第三书库/ [索取号:R441.1/17] | 在馆 |